| 000 | 00583nam a22001937a 4500 | ||
|---|---|---|---|
| 005 | 20251108173430.0 | ||
| 008 | 250721s9999 xx 000 0 ara d | ||
| 082 | 1 | 4 | _aط/ق/ارن |
| 245 | 1 | 0 | _aأرنوز المريض / |
| 264 | 1 |
_aبيروت : _bأصالة للنشر و التوزيع، |
|
| 300 | _a16ص | ||
| 490 | 0 | _aحكايات أرنوز الصغير | |
| 650 | 1 | 7 | _aالقصص القصيرة |
| 650 | 1 | 7 | _aادب الاطفال |
| 650 | 1 | 7 | _aنمو الطفل |
| 653 | _aمرحلة ماقبل المدرسة (0-5سنة) | ||
| 942 |
_2ddc _cBK |
||
| 999 |
_c103742 _d103742 |
||